| 000 | 00691nam a22002057a 4500 | ||
|---|---|---|---|
| 999 |
_c3162 _d3162 |
||
| 003 | AR-CdUCM | ||
| 008 | 190306b ||||| |||| 00| 0 spa d | ||
| 020 | _a84-278-0919-0 | ||
| 040 |
_aMUNICIPALIDAD PROVINCIAL DEL CUSCO _cBIBLIOTECA MUNICIPAL DEL CUSCO |
||
| 082 |
_a858.8 / _bSA18C |
||
| 100 |
_aSalgari, Emilio _9800 |
||
| 245 | _aEl corsario negro / | ||
| 260 |
_aBarcelona : _bNauta, _c1984. |
||
| 300 |
_a204 páginas ; _c18 cm. |
||
| 440 |
_n9 _910651 |
||
| 505 | _aContenido: Los filibuesteros de La Tortuga -- Una experiencia audaz -- El prisionero -- Un duelo entre cuatro paredes -- El ahorcado... | ||
| 650 |
_aNovelas italianas _99329 |
||
| 942 |
_2ddc _cLIBROS |
||
| 945 | _aafb | ||